1339 1607 1805 1745 1132 1988 1270 1031 1049 1484 1277 1199 1054 1020 1571 1439 1591 1248 1742 1563 1550 1753 1365 1642 1323 1864 1643 1612 1510 1187 1858 1991 1673 1844 1231 1288 1958 1601 1825 1736 1369 1749 1662 1711 1994 1252 1524 1300 1481 1612 1551 1493 1941 1830 1336 1915 1164 1718 1023 1998 1326 1868 1491 1047 1312 1684 1559 1370 1271 1265 1766 1314 1842 1756 1460 1882 1002 1636 1918 1466 1343 1091 1328 1401 1662 1207 1846 1357 1553 1553 1867 1799 1183 1362 1118 1330 1979 1362 1883 BCNSPRNW ULIB Ver.6.0+V

เปลี่ยนเป็นภาษาไทย

Change to English
 แสดงรายละเอียดบรรณานุกรม
  กลับหน้าหลัก

Brief Record : Get Marc (ISO 2709) : E-mail record : QR code < ปิดหน้าต่าง
LEADER : 00000nam 2200000uu 4500
001    13399112756
003     ULIB
008    110908s2548||||th 000 0 tha d
020    9749940970
050 04 LB1027^bพ719ก 2548
100 0  พิมพันธ์ เดชะคุปต์
245 10 การสอนคิดด้วยโครงงาน /^cโดย พิมพันธ์ เดชะคุปต์, พเยาว์ ยินดีสุข,ราเชน มีศรี
250    พิมพ์ครั้งที่ 2
260    กรุงเทพฯ :^bโรงพิมพ์แห่งจุฬาลงกรณ์มหาวิทยาลัย,^c2548
300    161 หน้า :^bภาพประกอบ ;^c21 ซม
505 0  ทักษะการคิดและกระบวนการคิด -- ทักษะการอ่านและทักษะการเขียน --การพัฒนาการคิดด้วยการทำโครงงาน : ตัวอย่างกิจกรรมฝึกการทำโครงงานและพัฒนาการคิด ; ตัวอย่างโครงงานประเภทต่างๆ ตามกลุ่มสาระการเรียนรู้ -- การพัฒนาโครงการเพื่อเสนอขอทำโครงงาน -- การเขียนรายงานการทำโครงงาน -- การนำเสนอโครงงานด้วยวาจา -- การประเมินผลการทำโครงงาน -- ภาคผนวก: โครงงาน ข้อบกพร่องที่รอการแก้ไข ; งานวิจัยเกี่ยวกับการคิดและการทำโครงงาน ; การตั้งปัญหาโครงงานจากผลการสังเกต
650  7 การสอนแบบโครงงาน
650  7 ความคิดและการคิด^xการศึกษาและการสอน
650  7 กิจกรรมการเรียนการสอน
700 0  พเยาว์ ยินดีสุข
700 0  ราเชน มีศรี
710 2  จุฬาลงกรณ์มหาวิทยาลัย.^bภาควิชาหลักสูตร การสอนและเทคโนโลยีการศึกษา
945    ^p120^l0^i019884
995    ทศพร
999 ^a ทศพร
รายการนี้ยังไม่มีแท็ก
คุณยังไม่ได้ล็อกอิน คุณสามารถมีกิจกรรมร่วมกับเว็บไซต์ได้ แต่ต้องล็อกอินก่อน ::
  ล็อกอิน

รายการสื่อสารสนเทศ

ลำดับที่ ประเภท เลขเรียก/บาร์โค้ด สถานที่ สถานะ
- ไม่พบข้อมูล -

รายการใกล้เคียง
    ผู้แต่ง [พิมพันธ์ เดชะคุปต์]

    หัวเรื่อง [การสอนแบบโครงงาน]
    หัวเรื่อง [กิจกรรมการเรียนการสอน]

BibComment


ยังไม่เคยถูกคอมเมนท์

คอมเมนท์ทรัพยากรรายการนี้
  คอมเมนท์: การสอนคิดด้วยโครง..


 Copyright 2026. Bcnsprnw @Library